000 00619nam a2200217Ii 4500
003 JO-AjNU
008 230606s9999||||xx |||||||||||||| ||und||
020 _a978-0-13-136483-7
040 _aJO-AjNU
_beng
_erda
_cJO-AjNU
041 _aeng
050 1 4 _aQA76.73.J38.D45.2010
100 3 _aDeitel,paul/Detiel,Harvey,
_eauthor
_9491
245 0 0 _aJava how to programe
250 _a8 ed
264 3 1 _aNEW JERSEY:PEARSON,2010
300 _a1506p
_bIN cluds index
336 _atext
_btxt
_2rdacontent
337 _aunmediated
_bn
_2rdamedia
338 _avolume
_bnc
_2rdacarrier
650 4 _aJava hiw to program
_9492
999 _aE262
_c262
_d262